000 00981nam a22002657a 4500
999 _c65562
_d65562
005 20240530110831.0
008 190903s2005 ua a g b 000 0 ara d
017 _bمصر. دار الكتب
_a2005/8393
020 _a9773459897
040 _aEG-CaGPL
_cEG-CaGPL
082 0 4 _221
_a229.2 \
_bج ن
100 0 _aجاد الحق على جاد الحق
245 1 2 _aالنبى فى القران الكريم /
_cجاد الحق على جاد الحق
250 _aط.1
260 _aالقاهرة :
_bدار الفاروق للنشر والتوزيع،
_c2005
300 _a189 ص. ؛
_c24 سم.
504 _aيشتمل على ارجاعات ببليوجرافية
650 0 7 _2qrmak
_aالقران الكريم
_xتفسير
650 0 7 _aاخلاق الرسول
650 0 7 _aالسيرة النبوية
650 0 7 _aالقران الكريم
_xسور وايات
_2qrmak
651 _2qrmak
942 _2ddc
_cBK